000 00449nab a2200145Ia 4500
003 ES-SlBCS
005 20210601125303.0
008 140529s1998 xxu||||| |||| 00| 0 eng d
041 _aeng
100 1 _aDavis, Lawrence H.
_9132447
245 0 0 _aFunctionalism and Personal Identity
_c Lawrence H. Davis
650 0 4 _aFuncionalismo
_9131722
773 0 _tPhilosophy and Phenomenological Research
_gvol. 58, 1998, págs. 781-804
_wRev1411
942 _cAR
999 _c527863
_d527863